[Event "POL-chT 2nd League"]
[Site "Miedzyzdroje"]
[Date "2009.09.19"]
[Round "8"]
[White "Sadzikowski, Daniel"]
[Black "Kaminski, Marcin"]
[Result "1-0"]
[WhiteElo "2264"]
[BlackElo "2449"]
[PlyCount "71"]
[EventDate "2009.09.12"]
[EventType "team-swiss"]
[EventRounds "9"]
[EventCountry "POL"]
[SourceTitle "EXT 2019"]
[Source "ChessBase"]
[SourceDate "2018.10.10"]
[SourceVersion "1"]
[SourceVersionDate "2018.10.10"]
[SourceQuality "1"]
[WhiteTeam "Chrzanow UKS SP 8 U19"]
[BlackTeam "Wroclaw Hetman"]
[WhiteTeamCountry "POL"]
[BlackTeamCountry "POL"]

1. e4 c5 2. Nf3 g6 3. d4 Bg7 4. dxc5 Qa5+ 5. c3 Qxc5 6. Na3 Qc7 7. Nb5 Qd8 8. Bg5 f6 9. Bf4 d6 10. Bc4 Nh6 11. Qd5 a6 12. Bxh6 Bxh6 13. Nxd6+ Qxd6 14. Qf7+ Kd8 15. Rd1 Qxd1+ 16. Kxd1 Nc6 17. Kc2 Bg4 18. Be6 Bxf3 19. gxf3 Kc7 20. Bd5 Rae8 21. Bxc6 bxc6 22. Rd1 Bf4 23. Qe6 Bd6 24. f4 Rd8 25. b4 Bxf4 26. Qxe7+ Kc8 27. Rxd8+ Rxd8 28. Qxf6 Bxh2 29. Qxc6+ Bc7 30. e5 Kb8 31. Qxa6 Rf8 32. e6 Rxf2+ 33. Kb3 Rf5 34. e7 Re5 35. Qb5+ Rxb5 36. e8Q+ 1-0

[Event "POL-chT 2nd League"]
[Site "Miedzyzdroje"]
[Date "2009.09.15"]
[Round "4"]
[White "Kaminski, Marcin"]
[Black "Smagalski, Slawomir"]
[Result "1-0"]
[WhiteElo "2449"]
[BlackElo "2003"]
[PlyCount "95"]
[EventDate "2009.09.12"]
[EventType "team-swiss"]
[EventRounds "9"]
[EventCountry "POL"]
[SourceTitle "EXT 2019"]
[Source "ChessBase"]
[SourceDate "2018.10.10"]
[SourceVersion "1"]
[SourceVersionDate "2018.10.10"]
[SourceQuality "1"]
[WhiteTeam "Wroclaw Hetman"]
[BlackTeam "Konin Hetman"]
[WhiteTeamCountry "POL"]
[BlackTeamCountry "POL"]

1. e4 e5 2. Nf3 Nc6 3. Bb5 a6 4. Ba4 Nf6 5. 0-0 b5 6. Bb3 Be7 7. Re1 0-0 8. d4 Nxd4 9. Nxd4 exd4 10. e5 Ne8 11. Qxd4 Bb7 12. Qg4 d5 13. c3 c6 14. Bc2 Bc8 15. Qg3 g6 16. Nd2 Ng7 17. Nb3 Bf5 18. Bd1 c5 19. Bf3 Bh4 20. Qf4 c4 21. Nd4 Ne6 22. Qd2 Bd3 23. Nc6 Qd7 24. Nb4 Rad8 25. Nxd3 cxd3 26. Qxd3 Rfe8 27. g3 Be7 28. Bg2 Nc5 29. Qf3 Qe6 30. h4 Ne4 31. Bf4 Bc5 32. Re2 f5 33. exf6 Qxf6 34. Bc7 Qxf3 35. Bxf3 Rc8 36. Bf4 Rc6 37. Rd1 Rce6 38. Rxd5 Bxf2+ 39. Rxf2 Nxf2 40. Kxf2 h5 41. Rd7 Kh8 42. b3 R8e7 43. Rxe7 Rxe7 44. c4 Kg7 45. c5 Kf7 46. c6 Re8 47. c7 Ke7 48. Bb7 1-0

[Event "USA tt"]
[Site "ICC INT"]
[Date "2005.09.07"]
[Round "2"]
[White "Becerra Rivero, Julio"]
[Black "Kaminski, Marcin"]
[Result "1/2-1/2"]
[WhiteElo "2559"]
[BlackElo "2449"]
[PlyCount "41"]
[EventDate "2005.10.05"]
[EventType "team"]
[EventRounds "10"]
[EventCountry "USA"]
[SourceTitle "CBM 108 Extra"]
[Source "ChessBase"]
[SourceDate "2005.11.04"]
[SourceVersion "1"]
[SourceVersionDate "2005.11.04"]
[SourceQuality "1"]

1. e4 e6 2. d4 d5 3. Nc3 dxe4 4. Nxe4 Be7 5. Nf3 Nd7 6. Bd3 Ngf6 7. Qe2 Nxe4 8. Bxe4 c5 9. 0-0 cxd4 10. Rd1 Nc5 11. Nxd4 Nxe4 12. Qxe4 0-0 13. Be3 Qa5 14. Nb3 Qh5 15. Bd4 Qg6 16. Qxg6 hxg6 17. a4 Rd8 18. Be5 f6 19. Rxd8+ Bxd8 20. Rd1 Be7 21. Bd6 1/2-1/2

[Event "USA tt"]
[Site "ICC INT"]
[Date "2005.08.31"]
[Round "1"]
[White "Kaminski, Marcin"]
[Black "McCambridge, Vincent"]
[Result "1-0"]
[WhiteElo "2449"]
[BlackElo "2459"]
[PlyCount "75"]
[EventDate "2005.10.05"]
[EventType "team"]
[EventRounds "10"]
[EventCountry "USA"]
[SourceTitle "CBM 108 Extra"]
[Source "ChessBase"]
[SourceDate "2005.11.04"]
[SourceVersion "1"]
[SourceVersionDate "2005.11.04"]
[SourceQuality "1"]

1. e4 e6 2. Qe2 c5 3. Nf3 Nc6 4. g3 g6 5. Bg2 Bg7 6. 0-0 Nge7 7. c3 d5 8. d3 b6 9. Na3 Ba6 10. e5 Qc7 11. Re1 0-0-0 12. Rb1 Qd7 13. b4 cxb4 14. cxb4 Bb7 15. Nb5 Kb8 16. a4 Nc8 17. a5 a6 18. Nbd4 b5 19. Nxc6+ Bxc6 20. Be3 Na7 21. Bb6 Rc8 22. Nd4 Bb7 23. Bc5 Ka8 24. Nb3 Nc6 25. d4 Ne7 26. Bb6 h5 27. Nc5 Qe8 28. h4 Nf5 29. Qd3 Rc6 30. Rbc1 Ne7 31. Rc3 Bh6 32. Re2 Nc8 33. Nxb7 Kxb7 34. Rxc6 Qxc6 35. Rc2 Qe8 36. Rc7+ Kb8 37. Qc3 Qd8 38. Qc6 1-0

[Event "Bermuda op"]
[Site "Bermuda"]
[Date "2002.02.02"]
[Round "3"]
[White "Kaminski, Marcin"]
[Black "Nyback, Tomi"]
[Result "0-1"]
[WhiteElo "2497"]
[BlackElo "2448"]
[PlyCount "80"]
[EventDate "2002.02.01"]
[EventType "swiss"]
[EventRounds "5"]
[EventCountry "BER"]
[SourceTitle "CBM 086 Extra"]
[Source "ChessBase"]
[SourceDate "2002.03.14"]
[SourceVersion "1"]
[SourceVersionDate "2002.03.14"]
[SourceQuality "1"]

1. e4 c5 2. Nf3 d6 3. d4 cxd4 4. Qxd4 Nf6 5. Nc3 e5 6. Bb5+ Nbd7 7. Qd3 h6 8. Nd2 a6 9. Bxd7+ Nxd7 10. Nc4 Nc5 11. Qg3 b5 12. Ne3 Bb7 13. f3 Rc8 14. 0-0 Ne6 15. Ncd5 Bxd5 16. exd5 Nf4 17. Kh1 g6 18. a4 Bg7 19. axb5 axb5 20. Qf2 0-0 21. g3 Nh5 22. c3 f5 23. Nc2 f4 24. g4 Nf6 25. Nb4 g5 26. Qe2 Qd7 27. Bd2 e4 28. fxe4 Rfe8 29. Nc6 Nxe4 30. Qg2 Nxd2 31. Qxd2 Qxg4 32. Rae1 Qh3 33. Rf2 Bf6 34. Rg1 Bh8 35. Nd4 b4 36. Rf3 Qh5 37. Qd3 g4 38. Ne6 Rxe6 39. Rxf4 Be5 40. Rf2 Rf6 0-1

[Event "POL-chT 56th"]
[Site "Zakopane"]
[Date "2000.09.11"]
[Round "9"]
[White "Kaminski, Marcin"]
[Black "Rydzik, Karol"]
[Result "1-0"]
[WhiteElo "2498"]
[BlackElo "2077"]
[PlyCount "89"]
[EventDate "2000.09.02"]
[EventType "team-tourn"]
[EventRounds "11"]
[EventCountry "POL"]
[SourceTitle "EXT 2019"]
[Source "ChessBase"]
[SourceDate "2018.10.10"]
[SourceVersion "1"]
[SourceVersionDate "2018.10.10"]
[SourceQuality "1"]
[WhiteTeam "Wroclaw Hetman"]
[BlackTeam "Glogow MOK Chrobry"]
[WhiteTeamCountry "POL"]
[BlackTeamCountry "POL"]

1. e4 c5 2. Nf3 Nc6 3. d3 g6 4. g3 Bg7 5. Bg2 d6 6. 0-0 Nf6 7. c3 0-0 8. Na3 e5 9. Nc2 Be6 10. h3 h6 11. d4 cxd4 12. cxd4 Bc4 13. Re1 Re8 14. d5 Nb8 15. Na3 Ba6 16. b4 b6 17. Nd2 Nbd7 18. Nac4 Qc7 19. Bf1 Bf8 20. a4 Bxc4 21. Nxc4 a5 22. bxa5 bxa5 23. Na3 Nc5 24. Bb5 Re7 25. Bc6 Rb8 26. Nb5 Qd8 27. Qf3 Nh7 28. h4 h5 29. Ba3 Nb7 30. Rac1 Kg7 31. Rc4 Nf6 32. Bc1 Ng4 33. Qe2 f6 34. Kg2 Rf7 35. f3 Nh6 36. Bxh6+ Kxh6 37. Bxb7 Rbxb7 38. Rec1 f5 39. Rc8 Qd7 40. R1c7 Rxc7 41. Rxc7 Qe8 42. Qd2+ f4 43. Qxa5 fxg3 44. Rxf7 Qxf7 45. Qd8 1-0

[Event "POL-chT 56th"]
[Site "Zakopane"]
[Date "2000.09.08"]
[Round "6"]
[White "Krogulski, Grzegorz"]
[Black "Kaminski, Marcin"]
[Result "0-1"]
[WhiteElo "2252"]
[BlackElo "2498"]
[PlyCount "54"]
[EventDate "2000.09.02"]
[EventType "team-tourn"]
[EventRounds "11"]
[EventCountry "POL"]
[SourceTitle "EXT 2019"]
[Source "ChessBase"]
[SourceDate "2018.10.10"]
[SourceVersion "1"]
[SourceVersionDate "2018.10.10"]
[SourceQuality "1"]
[WhiteTeam "Rolnik Roza"]
[BlackTeam "Wroclaw Hetman"]
[WhiteTeamCountry "POL"]
[BlackTeamCountry "POL"]

1. e4 e6 2. Qe2 c5 3. Nf3 Nc6 4. g3 Nge7 5. Bg2 g6 6. d3 Bg7 7. c3 0-0 8. h4 h6 9. 0-0 e5 10. Nbd2 d5 11. Re1 d4 12. c4 Be6 13. Nh2 f5 14. exf5 gxf5 15. f4 e4 16. dxe4 d3 17. Qf3 fxe4 18. Nxe4 Bxc4 19. Be3 Nd4 20. Bxd4 Qxd4+ 21. Nf2 Nf5 22. Rad1 d2 23. Re4 Bd5 24. Rxd4 Bxf3 25. Nxf3 cxd4 26. Rxd2 Nxg3 27. Nxd4 Bxd4 0-1

[Event "POL-chT 56th"]
[Site "Zakopane"]
[Date "2000.09.05"]
[Round "4"]
[White "Kosiorek, Marek"]
[Black "Kaminski, Marcin"]
[Result "0-1"]
[WhiteElo "2378"]
[BlackElo "2498"]
[PlyCount "80"]
[EventDate "2000.09.02"]
[EventType "team-tourn"]
[EventRounds "11"]
[EventCountry "POL"]
[SourceTitle "EXT 2019"]
[Source "ChessBase"]
[SourceDate "2018.10.10"]
[SourceVersion "1"]
[SourceVersionDate "2018.10.10"]
[SourceQuality "1"]
[WhiteTeam "Lublin UMCS"]
[BlackTeam "Wroclaw Hetman"]
[WhiteTeamCountry "POL"]
[BlackTeamCountry "POL"]

1. d4 Nf6 2. c4 g6 3. Nc3 Bg7 4. e4 0-0 5. Nf3 c6 6. Bd3 d6 7. 0-0 Bg4 8. Be3 Nfd7 9. Be2 c5 10. d5 Qa5 11. Qc2 Na6 12. Nb5 Nc7 13. Bd2 Qb6 14. a4 Na6 15. Qb3 Nf6 16. h3 Bd7 17. a5 Qd8 18. Bd3 Ne8 19. Rfe1 e5 20. dxe6 Bxe6 21. Rad1 Nec7 22. Bf1 Nxb5 23. Qxb5 Qc7 24. Bf4 Rad8 25. e5 dxe5 26. Rxd8 Rxd8 27. Nxe5 Qe7 28. Nf3 h6 29. Qb3 Nb4 30. Be5 Bxe5 31. Rxe5 Nc6 32. Re4 Nxa5 33. Qe3 Qf8 34. Rh4 Rd1 35. Ne5 g5 36. Qe2 Rxf1+ 37. Kxf1 gxh4 38. Qe4 Nc6 39. Nxc6 bxc6 40. Qxh4 Qg7 0-1

[Event "POL-chT 56th"]
[Site "Zakopane"]
[Date "2000.09.02"]
[Round "1"]
[White "Jaracz, Pawel"]
[Black "Kaminski, Marcin"]
[Result "1/2-1/2"]
[WhiteElo "2511"]
[BlackElo "2498"]
[PlyCount "29"]
[EventDate "2000.09.02"]
[EventType "team-tourn"]
[EventRounds "11"]
[EventCountry "POL"]
[SourceTitle "EXT 2019"]
[Source "ChessBase"]
[SourceDate "2018.10.10"]
[SourceVersion "1"]
[SourceVersionDate "2018.10.10"]
[SourceQuality "1"]
[WhiteTeam "Gorzow Wielkopolski Stilon"]
[BlackTeam "Wroclaw Hetman"]
[WhiteTeamCountry "POL"]
[BlackTeamCountry "POL"]

1. e4 e5 2. Nf3 Nc6 3. Bc4 Bc5 4. 0-0 Nf6 5. d3 0-0 6. h3 a6 7. Bb3 d6 8. c3 Ba7 9. Re1 Ne7 10. Nbd2 Ng6 11. Nf1 Nh5 12. Bg5 Qe8 13. Be3 Nhf4 14. Kh2 Bd7 15. Ng1 1/2-1/2

[Event "Cappelle op 16th"]
[Site "Cappelle la Grande"]
[Date "2000.02.22"]
[Round "5"]
[White "Kaminski, Marcin"]
[Black "Dubois, Loic"]
[Result "1-0"]
[WhiteElo "2514"]
[BlackElo "2258"]
[PlyCount "47"]
[EventDate "2000.02.19"]
[EventType "swiss"]
[EventRounds "9"]
[EventCountry "FRA"]
[SourceTitle "CBM 074 Extra"]
[Source "ChessBase"]
[SourceDate "2000.03.10"]
[SourceVersion "2"]
[SourceVersionDate "2000.03.10"]
[SourceQuality "1"]

1. e4 d5 2. exd5 Qxd5 3. Nc3 Qd6 4. d4 Nf6 5. Bc4 a6 6. Bb3 Nc6 7. Nge2 e5 8. dxe5 Qxd1+ 9. Nxd1 Nxe5 10. Ndc3 Bd6 11. Bg5 Bf5 12. Ng3 Bg6 13. 0-0 Ned7 14. Rfe1+ Kf8 15. Nd5 Nxd5 16. Bxd5 f6 17. Be3 c6 18. Bb3 Be7 19. Rad1 Rd8 20. Be6 Ne5 21. Rxd8+ Bxd8 22. f4 Ke7 23. Bb3 Ba5 24. Re2 1-0

[Event "MK Cafe Cup-A"]
[Site "Koszalin"]
[Date "1999.08.12"]
[Round "9"]
[White "Urban, Klaudiusz"]
[Black "Kaminski, Marcin"]
[Result "1/2-1/2"]
[WhiteElo "2463"]
[BlackElo "2523"]
[PlyCount "29"]
[EventDate "1999.08.03"]
[EventType "swiss"]
[EventRounds "9"]
[EventCountry "POL"]
[SourceTitle "CBM 073"]
[Source "ChessBase"]
[SourceDate "1999.12.01"]
[SourceVersion "1"]
[SourceVersionDate "1999.12.01"]
[SourceQuality "1"]

1. Nf3 Nf6 2. g3 g6 3. c4 c6 4. b3 Bg7 5. Bb2 0-0 6. Bg2 d5 7. 0-0 a5 8. d3 a4 9. Nbd2 axb3 10. axb3 Rxa1 11. Qxa1 Na6 12. Bc3 Ne8 13. Rc1 Bxc3 14. Qxc3 Nf6 15. cxd5 1/2-1/2

[Event "MK Cafe Cup-A"]
[Site "Koszalin"]
[Date "1999.08.06"]
[Round "4"]
[White "Kaminski, Marcin"]
[Black "Kruppa, Yuri"]
[Result "0-1"]
[WhiteElo "2523"]
[BlackElo "2603"]
[PlyCount "80"]
[EventDate "1999.08.03"]
[EventType "swiss"]
[EventRounds "9"]
[EventCountry "POL"]
[SourceTitle "CBM 073"]
[Source "ChessBase"]
[SourceDate "1999.12.01"]
[SourceVersion "1"]
[SourceVersionDate "1999.12.01"]
[SourceQuality "1"]

1. e4 e6 2. d4 d5 3. Nd2 c5 4. exd5 Qxd5 5. dxc5 Bxc5 6. Ngf3 Nf6 7. Bd3 b6 8. Qe2 Bb7 9. b3 Nc6 10. Bb2 0-0-0 11. Bc4 Qf5 12. Bd3 Qh5 13. Ba6 Qg6 14. Bxb7+ Kxb7 15. 0-0-0 Nb4 16. Nc4 Qe4 17. Qxe4+ Nxe4 18. Bxg7 Nxf2 19. Bxh8 Nxd1 20. Rxd1 Nxa2+ 21. Kb2 Rxd1 22. Kxa2 Rf1 23. Bc3 Rf2 24. Ne1 Re2 25. Kb2 b5 26. Na5+ Kc7 27. b4 Bd6 28. Nb3 a6 29. Nc1 Re4 30. Ncd3 Bxh2 31. Nc5 Re2 32. Nxa6+ Kc6 33. Nc5 Bg3 34. Ncd3 e5 35. Nf3 f6 36. Nde1 Kd5 37. Kc1 e4 38. Nd4 Rxe1+ 39. Bxe1 Bxe1 40. Kd1 Kxd4 0-1

[Event "MK Cafe Cup-A"]
[Site "Koszalin"]
[Date "1999.08.04"]
[Round "2"]
[White "Kaminski, Marcin"]
[Black "Pinski, Jan"]
[Result "1/2-1/2"]
[WhiteElo "2523"]
[BlackElo "2444"]
[PlyCount "96"]
[EventDate "1999.08.03"]
[EventType "swiss"]
[EventRounds "9"]
[EventCountry "POL"]
[SourceTitle "CBM 073"]
[Source "ChessBase"]
[SourceDate "1999.12.01"]
[SourceVersion "1"]
[SourceVersionDate "1999.12.01"]
[SourceQuality "1"]

1. e4 e5 2. Nf3 Nc6 3. Bb5 a6 4. Ba4 Nf6 5. 0-0 Be7 6. Re1 b5 7. Bb3 d6 8. c3 0-0 9. h3 Na5 10. Bc2 c5 11. d4 Nd7 12. Nbd2 exd4 13. cxd4 Nc6 14. Nf1 cxd4 15. Nxd4 Nxd4 16. Qxd4 Ne5 17. Qd1 Be6 18. Ne3 Rc8 19. f4 Nc4 20. f5 Nxe3 21. Bxe3 Bd7 22. Bb3 Bh4 23. Re2 Bg3 24. Bd4 Qe7 25. f6 gxf6 26. Qd2 Be5 27. Rf1 Bxd4+ 28. Qxd4 Qe5 29. Rd2 Rc6 30. Qxe5 fxe5 31. Rf6 d5 32. Rxc6 Bxc6 33. exd5 Bd7 34. Kf2 Rc8 35. Ke3 f5 36. g4 Kf7 37. gxf5 Bxf5 38. Rf2 Kg6 39. h4 h6 40. Rg2+ Kf6 41. Rf2 Kg6 42. a3 a5 43. Rf1 b4 44. a4 Rc7 45. Rg1+ Kf6 46. Rg8 Rc8 47. Rg1 Rc7 48. Rg8 Rc8 1/2-1/2

[Event "Cappelle op 15th"]
[Site "Cappelle la Grande"]
[Date "1999.??.??"]
[Round "9"]
[White "Graf, Alexander"]
[Black "Kaminski, Marcin"]
[Result "1/2-1/2"]
[WhiteElo "2616"]
[BlackElo "2510"]
[PlyCount "85"]
[EventDate "1999.02.13"]
[EventType "swiss"]
[EventRounds "9"]
[EventCountry "FRA"]
[SourceTitle "EXT 2000"]
[Source "ChessBase"]
[SourceDate "1999.11.16"]
[SourceVersion "1"]
[SourceVersionDate "1999.11.16"]
[SourceQuality "1"]

1. d4 d5 2. c4 dxc4 3. Nf3 Nf6 4. e3 e6 5. Bxc4 c5 6. 0-0 a6 7. dxc5 Bxc5 8. Qxd8+ Kxd8 9. Nbd2 Ke7 10. Be2 Bd7 11. b3 Bb5 12. Nc4 Nbd7 13. Bb2 Nb6 14. Rfc1 Nxc4 15. Bxc4 Rhc8 16. Rc2 Bd6 17. Rac1 Bxc4 18. Rxc4 Rxc4 19. Rxc4 Rd8 20. Kf1 Rd7 21. Ke2 Rc7 22. Rxc7+ Bxc7 23. h3 g6 24. Ba3+ Bd6 25. Bxd6+ Kxd6 26. Ng5 Ke7 27. Kd3 h6 28. Nf3 Kd6 29. Kd4 Nd7 30. Nd2 e5+ 31. Kc3 Kc5 32. b4+ Kd5 33. e4+ Kc6 34. Nc4 b5 35. Ne3 h5 36. h4 Kd6 37. Nd5 Nb8 38. f3 Nc6 39. Kd3 Ne7 40. Ne3 Nc6 41. a3 Nd4 42. Nd5 Ne6 43. Ke3 1/2-1/2

[Event "Olympiad-33"]
[Site "Elista"]
[Date "1998.10.09"]
[Round "10.4"]
[White "Soln, Primoz"]
[Black "Kaminski, Marcin"]
[Result "0-1"]
[WhiteElo "2470"]
[BlackElo "2530"]
[PlyCount "94"]
[EventDate "1998.09.29"]
[EventType "team-swiss"]
[EventRounds "13"]
[EventCountry "RUS"]
[SourceTitle "CBM 068"]
[Source "ChessBase"]
[SourceDate "1999.02.01"]
[SourceVersion "1"]
[SourceVersionDate "1999.02.01"]
[SourceQuality "1"]
[WhiteTeam "Slovenia"]
[BlackTeam "Poland"]
[WhiteTeamCountry "SLO"]
[BlackTeamCountry "POL"]

1. d4 d5 2. c4 dxc4 3. Nf3 Nf6 4. Nc3 Nc6 5. e4 Bg4 6. Be3 e6 7. Bxc4 Bb4 8. h3 Bxf3 9. gxf3 0-0 10. a3 Ba5 11. Qd3 e5 12. d5 Nd4 13. Bxd4 exd4 14. Qxd4 c5 15. Qe5 a6 16. Rg1 Re8 17. Qg5 g6 18. Kf1 b5 19. Ba2 Qd6 20. Re1 Nd7 21. Rd1 Ne5 22. Qe3 c4 23. f4 Nd3 24. Rxd3 cxd3 25. e5 Qb6 26. Ne4 Qxe3 27. Nf6+ Kh8 28. fxe3 Rec8 29. Bb3 Rc1+ 30. Kf2 Rxg1 31. Kxg1 Rc8 32. e6 Bd8 33. Nd7 fxe6 34. Ne5 exd5 35. Nxd3 Bf6 36. Kf2 a5 37. Kf3 a4 38. Bxd5 Rc2 39. Be6 Bxb2 40. Bd7 Bf6 41. Bxb5 Rc3 42. Ke4 Be7 43. Bd7 Rxa3 44. Nb2 Bc5 45. Nxa4 Rxe3+ 46. Kd5 Rd3+ 47. Kc6 Bd4 0-1

[Event "Olympiad-33"]
[Site "Elista"]
[Date "1998.09.30"]
[Round "2.3"]
[White "Kaminski, Marcin"]
[Black "Aliev, Kerim"]
[Result "1/2-1/2"]
[WhiteElo "2530"]
[BlackElo "2385"]
[PlyCount "64"]
[EventDate "1998.09.29"]
[EventType "team-swiss"]
[EventRounds "13"]
[EventCountry "RUS"]
[SourceTitle "CBM 068"]
[Source "ChessBase"]
[SourceDate "1999.02.01"]
[SourceVersion "1"]
[SourceVersionDate "1999.02.01"]
[SourceQuality "1"]
[WhiteTeam "Poland"]
[BlackTeam "Turkmenistan"]
[WhiteTeamCountry "POL"]
[BlackTeamCountry "TKM"]

1. e4 e5 2. Nf3 Nf6 3. Nc3 Nc6 4. Bc4 Be7 5. d4 d6 6. h3 0-0 7. 0-0 a6 8. d5 Na5 9. Bd3 c5 10. a4 Qc7 11. Nh2 Rb8 12. f4 c4 13. Be2 exf4 14. Bxf4 b5 15. axb5 axb5 16. Bf3 Nd7 17. Ng4 b4 18. Ne2 Ne5 19. Nxe5 dxe5 20. Bh2 Nb7 21. Kh1 Nc5 22. Nd4 Bd7 23. Bg4 Bd6 24. Nf5 Nxe4 25. Nxd6 Qxd6 26. Bxd7 Qxd7 27. Bxe5 Rb5 28. Bf4 Qxd5 29. Qxd5 Rxd5 30. Ra4 Rb5 31. Rfa1 g5 32. Be3 Re8 1/2-1/2

[Event "Krynica zt"]
[Site "Krynica"]
[Date "1998.09.08"]
[Round "7"]
[White "Jansa, Vlastimil"]
[Black "Kaminski, Marcin"]
[Result "1/2-1/2"]
[WhiteElo "2490"]
[BlackElo "2530"]
[PlyCount "21"]
[EventDate "1998.09.02"]
[EventType "swiss"]
[EventRounds "9"]
[EventCountry "POL"]
[SourceTitle "CBM 067"]
[Source "ChessBase"]
[SourceDate "1998.11.30"]
[SourceVersion "2"]
[SourceVersionDate "1998.11.01"]
[SourceQuality "1"]

1. e4 e6 2. d4 d5 3. Nd2 c5 4. Ngf3 Nf6 5. exd5 exd5 6. Bb5+ Bd7 7. Bxd7+ Nbxd7 8. 0-0 Be7 9. dxc5 Nxc5 10. Nd4 Qd7 11. N2f3 1/2-1/2

[Event "Krynica zt"]
[Site "Krynica"]
[Date "1998.09.03"]
[Round "2"]
[White "Spasov, Vasil"]
[Black "Kaminski, Marcin"]
[Result "1-0"]
[WhiteElo "2595"]
[BlackElo "2530"]
[PlyCount "157"]
[EventDate "1998.09.02"]
[EventType "swiss"]
[EventRounds "9"]
[EventCountry "POL"]
[SourceTitle "CBM 067"]
[Source "ChessBase"]
[SourceDate "1998.11.30"]
[SourceVersion "2"]
[SourceVersionDate "1998.11.01"]
[SourceQuality "1"]

1. e4 e6 2. d4 d5 3. Nd2 c5 4. Ngf3 Nf6 5. exd5 exd5 6. Bb5+ Bd7 7. Bxd7+ Nbxd7 8. 0-0 Be7 9. dxc5 Nxc5 10. Nb3 Nce4 11. Nbd4 0-0 12. Nf5 Bc5 13. Be3 Bxe3 14. Nxe3 Qb6 15. Qd4 Qxd4 16. Nxd4 Nd2 17. Rfe1 Nc4 18. b3 Nxe3 19. Rxe3 Rfe8 20. Rxe8+ Rxe8 21. f3 Kf8 22. Kf2 g6 23. g4 a6 24. Rd1 h5 25. h3 hxg4 26. hxg4 Re5 27. Ne2 Ke7 28. Rd4 Ne8 29. Nc3 Nf6 30. Rb4 b5 31. a4 d4 32. Ne2 Rc5 33. axb5 Rxc2 34. bxa6 d3 35. a7 d2 36. Rd4 Ra2 37. Rxd2 Rxa7 38. Nd4 Rb7 39. Nc6+ Kf8 40. Rd3 Rb6 41. Rd8+ Kg7 42. Nd4 Nh7 43. Ke3 Ng5 44. Rc8 Ne6 45. Nxe6+ fxe6 46. Rc3 Kf6 47. Kd4 e5+ 48. Kd5 Rb8 49. Re3 Rd8+ 50. Kc4 Rc8+ 51. Kd3 Rb8 52. Kc3 Rc8+ 53. Kb2 Rb8 54. Re4 g5 55. Rc4 Ke6 56. Rc6+ Kd5 57. Rg6 Kd4 58. Rxg5 Re8 59. b4 Kc4 60. Kc2 Rh8 61. Rxe5 Rh2+ 62. Kd1 Rf2 63. Rf5 Kd3 64. Ke1 Rb2 65. b5 Kd4 66. Kd1 Rf2 67. b6 Rb2 68. Rg5 Rxb6 69. Rf5 Rb2 70. g5 Ke3 71. f4 Kd3 72. Kc1 Rc2+ 73. Kb1 Rg2 74. Rf6 Kc3 75. g6 Rg1+ 76. Ka2 Rg2+ 77. Ka3 Rg1 78. Ka4 Kc4 79. Ka5 1-0

[Event "MK Cafe Cup-A"]
[Site "Koszalin"]
[Date "1998.08.12"]
[Round "10"]
[White "Buturin, Vladimir"]
[Black "Kaminski, Marcin"]
[Result "1/2-1/2"]
[WhiteElo "2435"]
[BlackElo "2530"]
[PlyCount "120"]
[EventDate "1998.08.03"]
[EventType "swiss"]
[EventRounds "10"]
[EventCountry "POL"]
[SourceTitle "CBM 065 Extra"]
[Source "ChessBase"]
[SourceDate "1998.09.09"]
[SourceVersion "1"]
[SourceVersionDate "1998.09.09"]
[SourceQuality "1"]

1. Nf3 Nf6 2. c4 g6 3. Nc3 Bg7 4. e4 0-0 5. d4 d6 6. h3 Na6 7. Be3 e5 8. d5 Nh5 9. Nh2 Qe8 10. Be2 f5 11. 0-0 f4 12. Bd2 Nf6 13. Ng4 Nxg4 14. Bxg4 Bxg4 15. Qxg4 f3 16. gxf3 h5 17. Qg2 Qf7 18. Kh2 Nb4 19. Be3 Nd3 20. b3 Nf4 21. Bxf4 exf4 22. Rac1 Be5 23. Ne2 Kh7 24. c5 Qe7 25. cxd6 cxd6 26. Rc2 Rac8 27. Rfc1 Rxc2 28. Rxc2 g5 29. Nc1 Rg8 30. Nd3 Bd4 31. Kg1 Rg7 32. Kf1 Qf6 33. Ke2 Bb6 34. Qh1 Re7 35. Rc4 Kg7 36. Qc1 Kf7 37. a4 Qf5 38. Qc3 Qf6 39. Qc1 Qf5 40. Qc3 Qf6 41. Qd2 a6 42. Qb4 Ba7 43. Qd2 Bb6 44. a5 Ba7 45. b4 Qf5 46. Rc7 Qxh3 47. Qc3 g4 48. Rxe7+ Kxe7 49. Qc7+ Ke8 50. Qc8+ Kf7 51. Qe6+ Kg7 52. Qe7+ Kg8 53. Qg5+ Kh7 54. Qe7+ Kg8 55. Qg5+ Kh7 56. Qxf4 Qxf3+ 57. Qxf3 gxf3+ 58. Kxf3 Bd4 59. Kg3 Bc3 60. f4 Kg6 1/2-1/2

[Event "MK Cafe Cup-A"]
[Site "Koszalin"]
[Date "1998.08.09"]
[Round "7"]
[White "Kaminski, Marcin"]
[Black "Murdzia, Piotr"]
[Result "1/2-1/2"]
[WhiteElo "2530"]
[BlackElo "2405"]
[PlyCount "33"]
[EventDate "1998.08.03"]
[EventType "swiss"]
[EventRounds "10"]
[EventCountry "POL"]
[SourceTitle "CBM 065 Extra"]
[Source "ChessBase"]
[SourceDate "1998.09.09"]
[SourceVersion "1"]
[SourceVersionDate "1998.09.09"]
[SourceQuality "1"]

1. e4 d6 2. d4 Nf6 3. Nc3 e5 4. Nf3 Nbd7 5. Bc4 Be7 6. 0-0 0-0 7. a4 c6 8. h3 b6 9. d5 cxd5 10. exd5 Bb7 11. Re1 Re8 12. b3 Bf8 13. Ba3 a6 14. Qe2 g6 15. Rad1 Qc7 16. Ng5 Bg7 17. Nge4 1/2-1/2